00443nam a2200145Ia 4500008004100000020001800041041000800059082001500067100002200082245010500104250000600209260005100215300001100266650002000277210716s2010 xx 000 0 und d a9788122431261 aeng a519.3 CAMC aCamerer, Colin F. aBehavioral game theory: experiments in strategic interaction.bExperiments in strategic interaction. a1 aNew DelhibNew Age International Pvt Ltdc2010 axv,550 aGames of action